Movies Quiz

Random Movies or Director Quiz

80's Movies Extravaganza--Part 3 Quiz Stats

Quiz not verified by Sporcle

Challenge
Share
Tweet
Embed
Score 0/80 Timer 15:00
0 Plays Today
Director/Stars Title % Correct
Steven Spielberg/Dee Wallace, Henry Thomas, Drew Barrymore, Peter Coyote, C. Thomas HowellE.T.
88%
Herbert Ross/Kevin Bacon, Lori Singer, John Lithgow, Sarah Jessica Parker, Dianne WiestFootloose
84%
Ivan Reitman/Bill Murray, Dan Aykroyd, Sigourney Weaver, Harold Ramis, Rick MoranisGhostbusters
80%
John Hughes/Matthew Broderick, Mia Sara, Alan Ruck, Jennifer Grey, Jeffrey JonesFerris Bueller's Day Off
72%
Bruce Beresford/Morgan Freeman, Jessica Tandy, Dan Aykroyd, Esther RolleDriving Miss Daisy
68%
Adrian Lyne/Michael Douglas, Glenn Close, Anne ArcherFatal Attraction
68%
Adrian Lyne/Jennifer Beals, Michael Nouri, Belinda BauerFlashdance
68%
Amy Heckerling/Sean Penn, Jennifer Jason Leigh, Phoebe Cates, Judge Reinhold, Robert RomanusFast Times at Ridgemont High
66%
Phil Alden Robinson/Kevin Costner, Amy Madigan, Ray Liotta, James Earl Jones, Burt LancasterField of Dreams
60%
Alan Parker/Irene Cara, Lee Curreri, Gene Anthony Ray, Barry Miller, Debbie AllenFame
58%
John Carpenter/Kurt Russell, Donald Pleasence, Isaac Hayes, Adrienne BarbeauEscape From New York
48%
Ted Kotcheff/Sylvester Stallone, Richad Crenna, Brian DennehyFirst Blood
48%
Michael Ritchie/Chevy Chase, Dana Wheeler-Nicholson, Tim Matheson, George Wendt, Geena DavisFletch
48%
Julien Temple/Geena Davis, Jeff Goldblum, Jim Carrey, Damon Wayans, Julie BrownEarth Girls Are Easy
40%
David Lynch/Kyle MacLachlan, Virginia Madsen, Sting, Patrick Stewart, Sean YoungDune
36%
Mark L. Lester/Drew Barrymore, David Keith, Heather Locklear, Martin Sheen, George C. ScottFirestarter
34%
Gus Van Sant/Matt Dillon, Kelly Lynch, Heather Graham, James LeGrosDrugstore Cowboy
32%
Sean S. Cunningham/Adrienne King, Kevin Bacon, Betsy PalmerFriday the 13th
30%
Marc Rocco/Corey Feldman, Corey Haim, Meredith Salenger, Jason RobardsDream a Little Dream
28%
Tom Holland/Chris Sarandon, Roddy McDowell, William Ragsdale, Amanda BearseFright Night
28%
John R. Cherry III/Jim Varney, Victoria Racimo, Iron Eyes CodyErnest Goes to Camp
26%
Brian DePalma/Michael Caine, Angie Dickinson, Nancy Allen, Keith GordonDressed to Kill
24%
Lewis Gilbert/Julie Walters/Michael CaineEducating Rita
24%
Robert Mandel/Bryan Brown, Diane Venora, Brian Dennehy, Cliff DeYoungFX
24%
Mike Hodges/Sam J. Jones, Melody Anderson, Max von Sydow, Timothy DaltonFlash Gordon
22%
James Signorelli/Rodney Dangerfield, Joe Pesci, Jennifer Jason LeighEasy Money
20%
Franco Zeffirelli/Brooke Shields, Martin Hewitt, Shirley Knight, James Spader, Ian Ziering, Tom CruiseEndless Love
20%
Wolfgang Petersen/Dennis Quaid, Lou Gossett Jr., Brion JamesEnemy Mine
20%
Roman Polanski/Harrison Ford, Betty Buckley, Emmanuelle Seigner, Frantic
20%
Joe Dante/Ethan Hawke, River Phoenix, Amanda Peterson, Bobby FiteExplorers
18%
George Roy Hill/Chevy Chase, Madolyn Smith, Jack GilpinFunny Farm
18%
Joseph Ruben/Dennis Quaid, Max von Sydow, Kate Capshaw, Christopher PlummerDreamscape
10%
Paul Bartel/Paul Bartel, Mary Woronov, Robert BeltranEating Raoul
10%
Martin Davidson/Tom Berenger, Michael Pare, Joe Pantoliano, Ellen BarkinEddie and the Cruisers
10%
James Signorelli/Cassandra Peterson, Jeff Conaway, Edie McClurgElvira: Mistress of the Dark
10%
Robert Altman/Sam Shepard, Kim Basinger, Harry Dean Stanton, Randy QuaidFool For Love
10%
John G. Avildsen/Molly Ringwald, Randall Batinkoff, Kenneth MarsFor Keeps
10%
Bob Clark/Judd Nelson, Elizabeth Perkins, John Hurt, Darren McGavinFrom the Hip
10%
Taylor Hackford/Dennis Quaid, Jessica Lange, Timothy Hutton, John GoodmanEverybody's All-American
8%
Ulu Grosbard/Robert DeNiro, Meryl Streep, Harvey Keitel, Jane KaczmarekFalling In Love
8%
Director/Stars Title % Correct
Kevin Reynolds/Kevin Costner, Judd Nelson, Suzy Amis, Sam Robards, Elizabeth DailyFandango
8%
Clint Eastwood/Clint Eastwood, Freddie Jones, Nigel HawthorneFirefox
8%
Adrian Lyne/Jodi Foster, Cherie Currie, Scott Baio, Sally Kellerman, Randy QuaidFoxes
8%
David Anspaugh/Molly Ringwald, Andrew McCarthy, Patti D'Arbanville, Ben Stiller, Viggo MortensenFresh Horses
8%
John Irvin/Craig Wasson, Alice Krige, Fred Astaire, Melvyn Douglas, John HousemanGhost Story
8%
James Toback/Nastassja Kinski, Rudolf Nureyev, Harvey Keitel, Ian McShaneExposed
6%
Robert M. Young/Farrah Fawcett, James Russo, Alfre Woodard, Diana ScarwidExtremities
6%
Peter Yates/William Hurt, Sigourney Weaver, Christopher Plummer, James Woods, Morgan FreemanEyewitness
6%
James B. Harris/James Woods, Kay Lenz, Tim McIntyre, M. Emmet WalshFast-Walking
6%
Tom Holland/Whoopi Goldberg, Sam Elliott, Ruben BladesFatal Beauty
6%
Abel Ferrara/Tom Berenger, Melanie Griffith, Billy Dee Williams, Rae Dawn Chong, Maria Conchita AlonsoFear City
6%
Dan Goldberg/Rebecca DeMornay, Mary Gross, Fred ThompsonFeds
6%
Buck Henry/Bob Newhart, Gilda Radner, Fred Willard, Madeline KahnFirst Family
6%
Tony Bill/Jodie Foster, Tim Robbins, Todd Graff, John TurturroFive Corners
6%
James Frawley/Stephen Geoffreys, Sheree Wilson, Cameron Dye, Tim Robbins, Amanda BearseFraternity Vacation
6%
Stuart Gordon/Jeffrey Combs, Barbara Crampton, Ken ForeeFrom Beyond
6%
Penelope Spheeris/Jon Cryer, Daniel Roebuck, Flea, Catherine Mary StewartDudes
4%
Robert Dornhelm/Susan Dey, Tom Hulce, Cheech Marin, Cassandra PetersonEcho Park
4%
Steve Barron/Lenny von Dohlen, Virginia Madsen, Maxwell CaulfieldElectric Dreams
4%
Walter Hill/Nick Nolte, Powers Boothe, Maria Conchita Alonso, Rip TornExtreme Prejudice
4%
Vernon Zimmerman/Dennis Christopher, Tim Thomerson, Linda Kerridge, Mickey RourkeFade to Black
4%
Meiert Avis/Drew Barrymore, Matt Frewer, Richard Masur, Anthony Rapp, Jennifer TillyFar From Home
4%
Duncan Gibbins/Craig Sheffer, Virginia Madsen, Jean SmartFire With Fire
4%
Jeffrey Bloom/Louise Fletcher, Kristy Swanson, Victoria TennantFlowers in the Attic
4%
Daniel Petrie/Paul Newman, Ed Asner, Ken Wahl, Danny AielloFort Apache the Bronx
4%
Arthur Penn/Craig Wasson, Jodi Thelen, Jim MetzlerFour Friends
4%
Sidney Lumet/Anne Bancroft, Ron Silver, Carrie Fisher, Catherine Hicks, Harvey FiersteinGarbo Talks
4%
Alan J. Pakula/Kristy McNichol, Ben Masters, Paul ShenarDream Lover
2%
Gavin Millar/Coral Browne, Ian Holm, Peter Gallagher, Nicola CowperDreamchild
2%
Jay Russell/Wilford Brimley, Levon Helm, Mary Steenburgen, Kevin Bacon, Holly Hunter, Bob BalabanEnd of the Line
2%
Alan Rudolph/Robert Urich, JoBeth Williams, Peter Coyote, Paul DooleyEndangered Species
2%
Ken Wiederhorn/Lauren Tewes, Jennifer Jason Leigh, John DiSantiEyes of a Stranger
2%
Sam Shepard/Jessica Lange, Charles Durning, Tess Harper, Patricia ArquetteFar North
2%
Richard Lester/Michael O'Keefe, Beverly D'Angelo, Lou Gossett Jr., Jim CarreyFindings Keepers
2%
Michael Apted/Peter Weller, Teri Garr, Corey Haim, Sarah Jessica Parker, Robert Downey Jr.Firstborn
2%
William Tannen/Kris Kristofferson, Treat Williams, Rip Torn, Tess HarperFlashpoint
2%
Francis Delia/Darlanne Fluegel, James Russo, Billy Drago, Richard BelzerFreeway
2%
Larry Cohen/Adam Arkin, Roz Kelly, Ed McMahon, Jim J. BullockFull Moon High
2%
William Sachs/Stephen Macht, Dorothy Stratten, Avery SchreiberGalaxina
2%
Allan Arkush/Malcolm McDowell, Daniel Stern, Allen Garfield, Ed Begley Jr., Lou ReedGet Crazy
2%

You're not logged in!

Compare scores with friends on all Sporcle quizzes.
Sign Up with Email
OR
Log In

You Might Also Like...

Show Comments

Extras

Top Quizzes Today


Score Distribution

Your Account Isn't Verified!

In order to create a playlist on Sporcle, you need to verify the email address you used during registration. Go to your Sporcle Settings to finish the process.